Score 0/20 Timer 05:00
1 Play Today
% Correct
MasterCard
99.2%
Jack Daniel's
95.1%
UNO
93.4%
Harley-Davidson
93%
The Simpsons
92.1%
Doritos
90.9%
Game Boy
90.6%
Mickey Mouse
89.9%
Land Rover
89.8%
Chanel
89.5%
% Correct
Teenage Mutant Ninja Turtles
88.1%
Thomas the Tank Engine
87.7%
Mr. Potato Head
87.3%
Teletubbies
82.8%
Harry Potter
80.6%
Ratatouille
78.5%
PSP
76.2%
Street Fighter
74.3%
Under Armour
71.1%
Internet Explorer
68.6%
Remove Ads.
Support Sporcle.
Get the best of Sporcle when you Go Orange. This ad-free experience offers more features, more stats, and more fun while also helping to support Sporcle. Thank you for becoming a member.

You're not logged in!

Compare scores with friends on all Sporcle quizzes.
OR
Log In

Show Comments

Extras

Top Quizzes Today


Score Distribution

Your Account Isn't Verified!

In order to create a playlist on Sporcle, you need to verify the email address you used during registration. Go to your Sporcle Settings to finish the process.

Report this User

Report this user for behavior that violates our Community Guidelines.

Details: